| 000 | 006580000a22001810004500 | ||
|---|---|---|---|
| 003 | MACL | ||
| 005 | 20160608154717.0 | ||
| 008 | 160608b xxu||||| |||| 00| 0 eng d | ||
| 040 |
_aMACL _cMACL |
||
| 041 | _aHindi | ||
| 082 | _a954 | ||
| 100 |
_aपांडे, बिशम्भरनाथ _948643 |
||
| 245 |
_aआजादी के दीवाने मुस्लिम देशभक्त _cबिशम्भरनाथ पांडे |
||
| 260 |
_bगांधी स्मृति एंव दर्शन समिति _aदिल्ली |
||
| 350 | _a50 | ||
| 650 |
_aHistory _963171 |
||
| 942 |
_cHIN _k954 _2ddc |
||
| 999 |
_c21412 _d21412 |
||